[Event "38. MIEDZYNARODOWY MEMORIAL LUDWIKA ZAMENHOFA 2019 - OPEN A"]
[Site "Bialystok"]
[Date "1899-12-30"]
[Round "6.2"]
[White "Markowski, Tomasz"]
[Black "Kanarek, Marcel"]
[Result "1-0"]
[WhiteTitle "GM"]
[BlackTitle "GM"]
[WhiteElo "2546"]
[BlackElo "2478"]

1. c4 g6 2. g3 Bg7 3. Bg2 Nf6 4. Nc3 d6 5. d3 O-O 6. e4 c5 7. Nge2 Nc6 8. O-O a6
9. a3 Rb8 10. Rb1 b5 11. cxb5 axb5 12. b4 cxb4 13. axb4 Bg4 14. h3 Bxe2 15. Nxe2
d5 16. Qb3 dxe4 17. dxe4 Nd7 18. Rd1 Qc7 19. Be3 Nde5 20. Nc3 e6 21. f4 Nd7 22.
e5 Ncxe5 23. fxe5 Nxe5 24. Ne4 Nc4 25. Bc5 Rfc8 26. Nd6 Nxd6 27. Bxd6 Qb6+ 28.
Bc5 Rxc5 29. bxc5 Qxc5+ 30. Kh1 b4 31. Rd3 Qc7 32. Rbd1 Bc3 33. Kh2 Kg7 34. Rd7
Qe5 35. Rf1 Rf8 36. Qd1 Qb5 37. Rb7 Qg5 38. Qd7 1-0

[Event "38. MIEDZYNARODOWY MEMORIAL LUDWIKA ZAMENHOFA 2019 - OPEN A"]
[Site "Bialystok"]
[Date "1899-12-30"]
[Round "6.3"]
[White "Kosakowski, Jakub"]
[Black "Janik, Igor"]
[Result "1-0"]
[WhiteTitle "FM"]
[BlackTitle "IM"]
[WhiteElo "2403"]
[BlackElo "2466"]

1. e4 c6 2. d4 d5 3. Nd2 dxe4 4. Nxe4 Bf5 5. Ng3 Bg6 6. Nh3 Nf6 7. Nf4 e5 8. dxe5
Qa5+ 9. c3 Qxe5+ 10. Be2 Nbd7 11. O-O O-O-O 12. Qa4 Bc5 13. Nd3 Bxd3 14. Bxd3
Nb6 15. Qc2 g6 16. b4 Bd6 17. Bb2 Qf4 18. Rad1 Rhe8 19. Bc1 Qh4 20. Bf5+ Kc7 21.
Rd4 Bxg3 22. Rxh4 Bxh4 23. Bf4+ 1-0

[Event "38. MIEDZYNARODOWY MEMORIAL LUDWIKA ZAMENHOFA 2019 - OPEN A"]
[Site "Bialystok"]
[Date "1899-12-30"]
[Round "6.4"]
[White "Cukrowski, Filip"]
[Black "Teclaf, Pawel"]
[Result "0-1"]
[WhiteTitle "FM"]
[BlackTitle "IM"]
[WhiteElo "2419"]
[BlackElo "2426"]

1. e4 c5 2. Nf3 d6 3. d4 cxd4 4. Nxd4 Nf6 5. Nc3 a6 6. Be2 e6 7. O-O Be7 8. f4
O-O 9. Bf3 Nc6 10. Be3 Qc7 11. Qe2 Na5 12. Kh1 Re8 13. Rae1 Nc4 14. e5 dxe5 15.
fxe5 Nd7 16. Bf4 Bb4 17. Bh5 Ndb6 18. Ne4 Nd5 19. c3 Bf8 20. Bg3 g6 21. Bf3 Rd8
22. Ng5 Nde3 23. Rf2 Bh6 24. Bf4 Qe7 25. h4 Nd5 26. Bc1 Nxe5 27. Qxe5 f6 28. Qg3
fxg5 29. hxg5 Bg7 30. Bg4 e5 31. c4 Bxg4 32. cxd5 Qd7 33. Nc2 Bf5 34. Ne3 Be4
35. Nc4 Qxd5 36. Nb6 Qa5 37. Qe3 Rab8 38. Nc4 Qb4 39. b3 Bf5 40. Ba3 Qb5 41. Bd6
Rbc8 42. Bxe5 Re8 43. Qc3 Bxe5 44. Rxe5 Rxe5 45. Qxe5 Rxc4 46. Rxf5 Rc1+ 47. Kh2
gxf5 48. Qe6+ Kf8 49. g6 hxg6 50. Qf6+ Ke8 51. Qxg6+ Kd7 52. Qg7+ Kc8 53. Qg8+
Kc7 54. Qg3+ Kb6 0-1

[Event "38. MIEDZYNARODOWY MEMORIAL LUDWIKA ZAMENHOFA 2019 - OPEN A"]
[Site "Bialystok"]
[Date "1899-12-30"]
[Round "6.5"]
[White "Leniart, Arkadiusz"]
[Black "Sieciechowicz, Marcin"]
[Result "1-0"]
[WhiteTitle "IM"]
[BlackTitle "IM"]
[WhiteElo "2508"]
[BlackElo "2366"]

1. d4 d5 2. c4 c6 3. Nf3 Nf6 4. Nc3 e6 5. e3 Nbd7 6. Qc2 Bd6 7. Be2 O-O 8. O-O
Re8 9. Rd1 Qe7 10. a3 b6 11. e4 dxe4 12. Nxe4 Nxe4 13. Qxe4 Bb7 14. Ne5 f5 15.
Qe3 Nf6 16. b4 c5 17. dxc5 bxc5 18. b5 f4 19. Qxf4 Ne4 20. Bb2 Rf8 21. Qe3 Rxf2
22. Nc6 Bxc6 23. bxc6 Bxh2+ 24. Kxh2 Qh4+ 25. Kg1 Ng3 26. Qxe6+ Rf7 27. Bf3 Qh1+
28. Kf2 Qh4 29. c7 Ne4+ 30. Ke3 Qf4+ 31. Ke2 Ng5 32. Rd8+ 1-0

[Event "38. MIEDZYNARODOWY MEMORIAL LUDWIKA ZAMENHOFA 2019 - OPEN A"]
[Site "Bialystok"]
[Date "1899-12-30"]
[Round "6.6"]
[White "Chojnacki, Krzysztof"]
[Black "Reza, Wojciech"]
[Result "1-0"]
[WhiteTitle "IM"]
[BlackTitle "FM"]
[WhiteElo "2375"]
[BlackElo "2308"]

1. d4 Nf6 2. c4 e6 3. Nc3 Bb4 4. f3 c5 5. d5 d6 6. e4 O-O 7. Bd3 b5 8. Nge2 exd5
9. cxd5 c4 10. Bc2 a6 11. O-O Nbd7 12. Kh1 Ne5 13. Nd4 Bd7 14. Nce2 Bc5 15. Ng3
Ng6 16. Ndf5 Re8 17. Qd2 b4 18. Bd1 Re5 19. Be2 Nxd5 20. Bxc4 Bxf5 21. Bxd5 Rxd5
22. exd5 Bd7 23. b3 f5 24. Bb2 Qh4 25. Rfe1 Rf8 26. Rad1 f4 27. Nf1 Rf5 28. Re4
Rh5 29. g3 Qh3 30. Rxf4 Nxf4 31. Qxf4 Bb5 32. Qe4 Re5 33. Bxe5 Bxf1 34. f4 dxe5
35. d6 Bb6 36. fxe5 Bb5 37. Qa8+ Kf7 38. Qb7+ Qd7 39. Qxb6 Qg4 40. Qb7+ Kg6 41.
Re1 Be2 42. Kg1 Bf3 43. Qb6 Qh3 44. d7+ 1-0

[Event "38. MIEDZYNARODOWY MEMORIAL LUDWIKA ZAMENHOFA 2019 - OPEN A"]
[Site "Bialystok"]
[Date "1899-12-30"]
[Round "6.7"]
[White "Szostko, Jakub"]
[Black "Flak, Pawel"]
[Result "1-0"]
[WhiteTitle "FM"]
[BlackTitle "k+"]
[WhiteElo "2217"]
[BlackElo "2180"]

1. e4 Nf6 2. e5 Nd5 3. d4 d6 4. c4 Nb6 5. exd6 cxd6 6. Nc3 g6 7. Be3 Bg7 8. Rc1
O-O 9. b3 e5 10. Nf3 Bg4 11. Be2 Nc6 12. dxe5 dxe5 13. c5 Nc8 14. O-O N8e7 15.
h3 Bxf3 16. Bxf3 Nf5 17. Qxd8 Rfxd8 18. Rfd1 Nxe3 19. fxe3 f5 20. Bd5+ Kh8 21.
Nb5 Bf8 22. Bxc6 Rxd1+ 23. Rxd1 bxc6 24. Nc7 Rb8 25. Ne6 Bh6 26. Kf2 a5 27. Rd8+
Rxd8 28. Nxd8 Bf8 29. Nxc6 Bxc5 30. Nxe5 Kg7 31. Kf3 Bb4 32. Nc6 Kf6 33. e4 Bc3
34. Ke3 h5 35. a3 Bb2 36. Nxa5 Bxa3 37. Kf3 Bc5 38. Nc4 g5 39. exf5 Kxf5 40. g4+
hxg4+ 41. hxg4+ Ke6 42. Ke4 Bb4 43. Kd4 Bf8 44. Nd2 Bg7+ 45. Ke4 Bf8 46. Nf3 Be7
47. Nd4+ Kf6 48. Kd5 Ba3 49. Nc6 Kf7 50. b4 Ke8 51. Kd6 Kf7 52. Ne5+ Ke8 53. Nd3
Kd8 54. Ke6 Kc7 55. Kf6 Kc6 56. Kxg5 Kd5 57. Kf5 Kd4 58. g5 1-0

[Event "38. MIEDZYNARODOWY MEMORIAL LUDWIKA ZAMENHOFA 2019 - OPEN A"]
[Site "Bialystok"]
[Date "1899-12-30"]
[Round "6.8"]
[White "Marcinczyk, Monika"]
[Black "Godzwon, Iwo"]
[Result "0-1"]
[WhiteTitle "WCM"]
[BlackTitle "FM"]
[WhiteElo "2010"]
[BlackElo "2275"]

1. e4 c5 2. Nf3 e6 3. d4 cxd4 4. Nxd4 Nc6 5. Nc3 a6 6. Be2 d6 7. O-O Nf6 8. Be3
Be7 9. f4 O-O 10. Qe1 Nxd4 11. Bxd4 b5 12. a3 Bb7 13. Qg3 g6 14. Bd3 Rc8 15. Kh1
Nh5 16. Qe3 e5 17. Bb6 Qd7 18. f5 Nf4 19. Qg3 d5 20. exd5 Bxd5 21. Nxd5 Qxd5 22.
Rad1 Bh4 23. Qg4 h5 24. Qf3 Qxf3 25. Rxf3 Nxd3 26. cxd3 Rc2 27. fxg6 fxg6 28.
Rxf8+ Kxf8 29. g3 Bg5 30. d4 Rc1 31. Rxc1 Bxc1 32. Bc5+ Kf7 33. dxe5 Bxb2 34.
Bb4 Ke6 35. Kg2 Kxe5 36. Kf3 Kd4 37. h4 Bc1 38. g4 hxg4+ 39. Kxg4 Kc4 40. h5 gxh5+
41. Kxh5 Kb3 42. Kg4 Bxa3 43. Ba5 Bb4 0-1

[Event "38. MIEDZYNARODOWY MEMORIAL LUDWIKA ZAMENHOFA 2019 - OPEN A"]
[Site "Bialystok"]
[Date "1899-12-30"]
[Round "6.9"]
[White "Eigminas, Kipras"]
[Black "Jakubowski, Krzysztof"]
[Result "1/2-1/2"]
[WhiteTitle "k"]
[BlackTitle "GM"]
[WhiteElo "2127"]
[BlackElo "2503"]

1. e4 c5 2. Nf3 d6 3. d4 cxd4 4. Nxd4 Nf6 5. Nc3 a6 6. Bc4 e6 7. O-O b5 8. Bb3
Be7 9. Qf3 Qb6 10. Be3 Qb7 11. Qg3 O-O 12. f3 Bd7 13. Rfd1 Rc8 14. Nce2 a5 15.
c3 a4 16. Bc2 b4 17. Rab1 Na6 18. Qe1 Rab8 19. Rdc1 Ne8 20. Qd2 g6 21. Bd1 d5
22. exd5 Qxd5 23. b3 Rd8 24. bxa4 e5 25. Nb3 Qa8 26. Qe1 Nd6 27. c4 Nf5 28. Bf2
Bg5 29. f4 exf4 30. Ned4 Nxd4 31. Nxd4 Bc6 32. Nxc6 Qxc6 33. Bf3 Qxa4 34. Qe5
Bh6 35. Bd4 Rxd4 36. Qxd4 Bg7 37. Qxf4 Qxa2 38. c5 Qa5 39. c6 Be5 40. Qc4 Nc7
41. Rd1 Qb5 42. Qxb5 Rxb5 43. Rb3 h5 44. h3 Kg7 45. Kf2 Kf6 46. Ke3 Bc3 47. Rbb1
Re5+ 48. Kf2 Rc5 49. Rd7 Ne6 50. Bd5 Ke5 51. c7 f6 52. Bxe6 Kxe6 53. Rg7 Kf5 54.
Kf3 h4 55. Rd7 Rc6 56. Ke3 g5 57. Kf3 Be5 58. Rxb4 Bxc7 59. Rb5+ Be5 60. Rd3 Rc2
61. Re3 Rc4 62. Ke2 Rc2+ 63. Kf3 Rc4 64. Ke2 Rc2+ 1/2-1/2

[Event "38. MIEDZYNARODOWY MEMORIAL LUDWIKA ZAMENHOFA 2019 - OPEN A"]
[Site "Bialystok"]
[Date "1899-12-30"]
[Round "6.10"]
[White "Salna, Aleksandras"]
[Black "Strybuk, Artsiom I"]
[Result "1/2-1/2"]
[WhiteTitle "k"]
[BlackTitle "FM"]
[WhiteElo "2020"]
[BlackElo "2166"]

1. d4 Nf6 2. c4 e6 3. Nc3 d5 4. cxd5 Nxd5 5. e4 Nxc3 6. bxc3 c5 7. Nf3 cxd4 8.
cxd4 Bb4+ 9. Bd2 Bxd2+ 10. Qxd2 O-O 11. h4 b6 12. h5 h6 13. g4 Bb7 14. Qe3 Nc6
15. Rg1 Rc8 16. a3 b5 17. g5 Qa5+ 18. Qd2 Qxd2+ 19. Kxd2 Nxd4 20. Nxd4 Rfd8 21.
Ke3 Rc3+ 22. Bd3 e5 23. Kd2 Rxd3+ 24. Kxd3 Rxd4+ 25. Kc3 Bxe4 26. gxh6 g6 27.
hxg6 Bxg6 28. Rae1 Ra4 29. Kb3 e4 30. Rg5 a6 31. Rc5 Rd4 32. Rec1 Kh7 33. Rc6
a5 34. R6c5 a4+ 35. Kb2 b4 36. R5c4 bxa3+ 37. Kxa3 Rd3+ 38. R1c3 Rd6 39. f3 exf3
40. Rxf3 Kxh6 1/2-1/2

[Event "38. MIEDZYNARODOWY MEMORIAL LUDWIKA ZAMENHOFA 2019 - OPEN A"]
[Site "Bialystok"]
[Date "1899-12-30"]
[Round "6.11"]
[White "Luberanski, Jakub"]
[Black "Walkusz, Witoslaw"]
[Result "1/2-1/2"]
[WhiteTitle "I++"]
[BlackTitle "FM"]
[WhiteElo "1963"]
[BlackElo "2089"]

1. d4 Nf6 2. Bf4 g6 3. e3 Bg7 4. Nf3 d5 5. Nc3 a6 6. Ne5 Nh5 7. Qf3 Nxf4 8. exf4
f6 9. Nd3 c6 10. h4 h5 11. Qg3 Kf7 12. Qe3 Qd6 13. g3 Qe6 14. Bg2 Qxe3+ 15. fxe3
Rd8 16. O-O Bf5 17. Na4 Nd7 18. Rae1 Bxd3 19. cxd3 f5 20. Rc1 e6 21. a3 Rdc8 22.
Rc2 Ke7 23. Rfc1 Kd6 24. b4 b5 25. Nc3 Nb6 26. Nb1 a5 27. Nd2 axb4 28. axb4 Ra4
29. Nb3 Nd7 30. Na5 Nb8 31. Nb7+ Ke7 32. Nc5 Ra8 33. Kf2 Na6 34. Nxa6 Rxa6 35.
Ke2 Kd7 36. Kf1 Raa8 37. Re2 Ra3 38. e4 Rca8 39. exd5 cxd5 40. Rce1 Ra1 41. Rxe6
Rxe1+ 42. Rxe1 Kd6 43. Bf3 Bxd4 44. Rc1 Ra1 45. Rxa1 Bxa1 46. Bd1 Bc3 47. Ke2
Bxb4 48. d4 Bc3 49. Ke3 Be1 50. Kf3 Kc6 51. Bb3 Bc3 52. Ke3 Be1 53. Kf3 Kd6 54.
Bd1 Bd2 1/2-1/2

[Event "38. MIEDZYNARODOWY MEMORIAL LUDWIKA ZAMENHOFA 2019 - OPEN A"]
[Site "Bialystok"]
[Date "1899-12-30"]
[Round "6.12"]
[White "Pietruszewski, Marcin"]
[Black "Karolczuk, Iwo"]
[Result "1-0"]
[WhiteTitle "m"]
[BlackTitle "I++"]
[WhiteElo "2213"]
[BlackElo "1976"]

1. e4 c5 2. Nf3 e6 3. d4 cxd4 4. Nxd4 a6 5. c4 Nf6 6. Nc3 Bb4 7. Qd3 Qc7 8. a3
Bxc3+ 9. Qxc3 d6 10. f3 e5 11. Nc2 Be6 12. Bg5 Nbd7 13. Ne3 O-O 14. Be2 Rfc8 15.
O-O Rab8 16. Rac1 b5 17. Qd2 Qb6 18. cxb5 axb5 19. b4 d5 20. exd5 Nxd5 21. Kh1
N5f6 22. Bh4 h6 23. Bf2 Qa6 24. Rxc8+ Rxc8 25. Rc1 Rxc1+ 26. Qxc1 e4 27. Qc3 Qb7
28. Qd4 exf3 29. Bxf3 Qc7 30. Be2 Qc6 31. Bg1 Ne8 32. Bf3 Qd6 33. Qa7 Nc7 34.
a4 bxa4 35. Qxa4 g6 36. Qa5 Qe5 37. h3 Qxa5 38. bxa5 Nc5 39. Ng4 Bxg4 40. Bxg4
Ne4 41. Bb6 Nd5 42. Bf3 Nxb6 43. axb6 Nc5 44. Kg1 Kf8 45. Kf2 Ke7 46. Ke3 Kd6
47. Kd4 Nd7 48. b7 Kc7 49. g3 Kd6 50. Bg2 Nb8 51. Kc4 Nd7 52. Kb5 Nb8 53. Kb6
Nd7+ 54. Ka7 Kc7 55. Bd5 f5 56. Bf7 g5 57. Be6 Nb8 58. Bxf5 Nc6+ 59. Ka8 Nb8 60.
Bd3 h5 61. Bb5 h4 62. g4 1-0

[Event "38. MIEDZYNARODOWY MEMORIAL LUDWIKA ZAMENHOFA 2019 - OPEN A"]
[Site "Bialystok"]
[Date "1899-12-30"]
[Round "6.13"]
[White "Szydlo, Michal"]
[Black "Tihonov, Jurij"]
[Result "0-1"]
[WhiteTitle "I+"]
[BlackTitle "GM"]
[WhiteElo "1957"]
[BlackElo "2394"]

1. e4 c5 2. Nf3 d6 3. d4 cxd4 4. Nxd4 Nf6 5. Nc3 a6 6. Bg5 Nbd7 7. Bc4 Qb6 8. Bb3
h6 9. Be3 Qa5 10. O-O Nc5 11. f3 e6 12. Qd2 Be7 13. Rae1 Qc7 14. a3 Nxb3 15. Nxb3
b5 16. f4 Bb7 17. Qd4 Rd8 18. Qb6 Qxb6 19. Bxb6 Rc8 20. Na5 Ba8 21. Rf2 Nd7 22.
Bd4 O-O 23. Rd2 Rfe8 24. Nb3 Rc7 25. Bf2 Rb8 26. Red1 Nf6 27. e5 dxe5 28. fxe5
Nd5 29. Nxd5 Bxd5 30. Nd4 a5 31. Be3 Rc4 32. Nf5 Bf8 33. Nd6 Rc6 34. b3 b4 35.
axb4 axb4 36. Nf5 Rbc8 37. Nd4 Rc3 38. Rd3 Be4 39. Rxc3 Rxc3 40. Kf2 Bc5 41. Rd2
f6 42. Re2 Kf7 43. exf6 Kxf6 44. Ke1 e5 45. Bd2 Bxd4 46. Rxe4 Rxc2 47. Bxb4 Rxg2
48. Bd6 Rxh2 49. b4 Ke6 50. Bf8 g5 51. b5 h5 52. Ba3 g4 53. Rxd4 exd4 54. b6 Rh1+
0-1

[Event "38. MIEDZYNARODOWY MEMORIAL LUDWIKA ZAMENHOFA 2019 - OPEN A"]
[Site "Bialystok"]
[Date "1899-12-30"]
[Round "6.14"]
[White "Budrewicz, Krzysztof"]
[Black "Vardanyan, Aras"]
[Result "0-1"]
[WhiteTitle "m"]
[BlackTitle "k"]
[WhiteElo "2275"]
[BlackElo "2026"]

1. d4 Nf6 2. c4 c5 3. d5 b5 4. Nf3 bxc4 5. Nc3 d6 6. e4 g6 7. Bxc4 Bg7 8. O-O O-O
9. Re1 Nbd7 10. h3 Rb8 11. Qc2 a5 12. a4 Ne8 13. Bf4 Nc7 14. Rad1 Rb4 15. Bf1
f5 16. Bc1 f4 17. Ne2 Ne5 18. Nxf4 Nxf3+ 19. gxf3 Qe8 20. b3 g5 21. Nd3 Rd4 22.
Nxc5 dxc5 23. Qxc5 Rxd1 24. Rxd1 Be5 25. d6 exd6 26. Qxc7 Qh5 27. Bc4+ Kh8 28.
Qxd6 Re8 29. Be6 g4 30. fxg4 Bxd6 31. gxh5 Rxe6 32. e5 Bc7 33. Bg5 Rc6 34. Bf6+
Kg8 35. Rd3 Kf7 36. Rg3 Rxf6 37. Rc3 Bxe5 38. Rxc8 Rf3 39. Rc5 Bc3 40. Kg2 Rd3
41. Rc7+ Kg8 42. h6 Bd2 43. Rg7+ Kh8 44. Ra7 Rd8 45. f4 Bc3 46. Rb7 Kg8 47. Kf3
Rd6 48. Rc7 Bd4 49. Ke4 Bb6 50. Rg7+ Kh8 51. Rg5 Rxh6 52. b4 axb4 53. Rb5 Bc7
54. Rxb4 Rxh3 55. Rc4 Bb6 56. Rc6 Bg1 57. a5 Ra3 58. a6 Ra5 59. Kf3 Kg7 60. Kg4
h5+ 61. Kg3 Kf7 62. Kg2 Bd4 63. Kg3 Ke7 64. Kh3 Kd7 65. Rh6 Kc7 66. Kg3 Kb8 67.
Rd6 Bc3 68. Rh6 Rf5 69. Re6 Bd2 70. Re4 Ka7 71. Ra4 Ba5 72. Re4 Bd2 73. Ra4 Rc5
74. Re4 Rc1 75. Re2 Be1+ 76. Kf3 Kxa6 77. f5 h4 78. f6 Bg3 79. Re6+ Kb5 80. Kg2
Rc2+ 81. Kh3 Rf2 82. Kg4 Kc5 83. Ra6 Kd5 84. Rb6 Ke5 85. Ra6 Rf4+ 86. Kh3 Kf5
87. f7 Kg5 88. Ra5+ Kg6 89. Ra7 Rf1 90. Rb7 Kg7 91. Kg2 Rf2+ 92. Kh3 Rh2+ 93.
Kg4 Bd6 94. Rd7 Bg3 95. Rb7 Kf8 96. Rd7 Be1 97. Rb7 Bc3 98. Kg5 Rh1 99. Kg4 Bf6
100. Kf3 Be7 101. Kg2 Ra1 102. Rb3 Kxf7 103. Kh3 Kg6 104. Rb6+ Bf6 105. Rb3 Kf5
106. Rf3+ Kg5 107. Rb3 Be5 108. Re3 Rh1+ 109. Kg2 Rh2+ 110. Kg1 Bf4 111. Ra3 Rb2
112. Kh1 Kg4 0-1

[Event "38. MIEDZYNARODOWY MEMORIAL LUDWIKA ZAMENHOFA 2019 - OPEN A"]
[Site "Bialystok"]
[Date "1899-12-30"]
[Round "6.15"]
[White "Kiolbasa, Oliwia"]
[Black "Paszkowski, Krystian"]
[Result "1/2-1/2"]
[WhiteTitle "WIM"]
[BlackTitle "I+"]
[WhiteElo "2208"]
[BlackElo "1950"]

1. d4 Nf6 2. c4 e6 3. Nf3 b6 4. g3 Bb7 5. Bg2 Bb4+ 6. Bd2 Bxd2+ 7. Qxd2 O-O 8.
Nc3 Ne4 9. Nxe4 Bxe4 10. O-O d6 11. Rfe1 Nd7 12. Bf1 Qf6 13. Qc3 Rae8 14. Nd2
Bb7 15. e4 e5 16. d5 Qe7 17. b4 f5 18. exf5 Rxf5 19. Ne4 Nf6 20. Bg2 Nxe4 21.
Bxe4 Rf6 22. Qc2 g5 23. a4 Qf7 24. a5 Rf8 25. Rf1 Bc8 26. axb6 axb6 27. Ra8 Qh5
28. c5 bxc5 29. bxc5 Bh3 30. Rxf8+ Rxf8 31. Ra1 Rf7 32. Ra7 Bg4 33. Qb3 Kg7 34.
cxd6 cxd6 35. Rxf7+ Qxf7 36. Qb6 Qe7 37. f3 Bh5 38. Kf2 g4 39. fxg4 Bxg4 40. Kg2
Qd7 41. Qe3 Qe7 42. Bxh7 Kxh7 43. Qe4+ Kh8 44. Qxg4 Qc7 45. Qe4 Qb6 46. h4 Qb2+
47. Kh3 Qc1 48. h5 Qg5 49. Qg4 Qf6 50. Qe6 Qg5 51. Qg4 Qf6 52. Qe6 Qg5 53. g4
Qd8 54. Qh6+ Kg8 55. Qg6+ Kh8 56. Qh6+ Kg8 57. g5 Qb6 58. g6 Qb3+ 59. Kg4 Qc4+
60. Kf5 Qc8+ 61. Kf6 Qd8+ 62. Ke6 Qe8+ 63. Kxd6 Qd8+ 64. Kc6 Qc8+ 65. Kb5 Qb7+
66. Kc4 Qa6+ 67. Kc3 Qa5+ 68. Kc2 Qa4+ 69. Kd2 Qd4+ 70. Ke2 Qg4+ 71. Kf2 Qh4+
72. Kg2 Qg4+ 73. Kf2 Qh4+ 74. Kg2 Qg4+ 75. Kf2 1/2-1/2

[Event "38. MIEDZYNARODOWY MEMORIAL LUDWIKA ZAMENHOFA 2019 - OPEN A"]
[Site "Bialystok"]
[Date "1899-12-30"]
[Round "6.16"]
[White "Kaczmarek, Arkadiusz"]
[Black "Kirilin, Dmitrij"]
[Result "0-1"]
[WhiteTitle "I++"]
[BlackTitle "k"]
[WhiteElo "2088"]
[BlackElo "2015"]

1. d4 Nf6 2. c4 e6 3. Nf3 Bb4+ 4. Nbd2 b6 5. a3 Bxd2+ 6. Qxd2 Bb7 7. e3 O-O 8.
Be2 Ne4 9. Qc2 f5 10. b3 d6 11. Bb2 Nd7 12. O-O Qe7 13. Rad1 Rae8 14. d5 e5 15.
Ne1 Kh8 16. b4 Nef6 17. Nf3 b5 18. cxb5 Nxd5 19. Qa4 e4 20. Qxa7 Ba8 21. Nd4 f4
22. Bh5 Rd8 23. Bg4 Ne5 24. Bh3 fxe3 25. fxe3 Nxe3 26. Rxf8+ Rxf8 27. Nc6 Nf3+
28. Kh1 Qg5 29. Bc1 Nxd1 30. Bxg5 Nxg5 31. Kg1 Nxh3+ 32. gxh3 e3 33. Nd4 Nc3 34.
Qxc7 e2 35. Nf3 e1=Q+ 0-1

[Event "38. MIEDZYNARODOWY MEMORIAL LUDWIKA ZAMENHOFA 2019 - OPEN A"]
[Site "Bialystok"]
[Date "1899-12-30"]
[Round "6.17"]
[White "Pettersson, Alexander"]
[Black "Kumala, Aleksander"]
[Result "1/2-1/2"]
[WhiteTitle "k"]
[BlackTitle "CM"]
[WhiteElo "2016"]
[BlackElo "2218"]

1. d4 e6 2. c4 b6 3. Nc3 Bb7 4. e3 f5 5. f3 Nf6 6. Bd3 Be7 7. Nge2 O-O 8. O-O Nc6
9. a3 a5 10. b3 Nh5 11. Qc2 Bg5 12. f4 Bh6 13. Bb2 Qh4 14. d5 Ne7 15. Nd4 Nf6
16. Rf3 Qh5 17. Rh3 Qf7 18. dxe6 dxe6 19. Ncb5 Rac8 20. Nf3 Ng6 21. Nh4 Ng4 22.
Be2 Nxh4 23. Rxh4 Nxe3 24. Qc3 Qg6 25. g3 Ng4 26. Bf3 Bxf3 27. Qxf3 Nf6 28. Be5
Rfd8 29. Na7 1/2-1/2

[Event "38. MIEDZYNARODOWY MEMORIAL LUDWIKA ZAMENHOFA 2019 - OPEN A"]
[Site "Bialystok"]
[Date "1899-12-30"]
[Round "6.18"]
[White "Zgadzaj, Rafal"]
[Black "Zaura, Vidmantas"]
[Result "1/2-1/2"]
[WhiteTitle "k"]
[BlackTitle "k"]
[WhiteElo "2092"]
[BlackElo "2141"]

1. d3 d5 2. f4 Nf6 3. Nf3 g6 4. c3 Bg7 5. g3 c5 6. Bg2 Nc6 7. O-O O-O 8. Qc2 d4
9. Na3 Be6 10. e4 Rc8 11. c4 Nh5 12. Qe2 Bg4 13. Bd2 e5 14. Rae1 Qd7 15. Qf2 f6
16. Nc2 Bh6 17. fxe5 Bxd2 18. Qxd2 Nxe5 19. Nxe5 fxe5 20. b4 b6 21. b5 Kg7 22.
Rxf8 Rxf8 23. Rf1 Rxf1+ 24. Bxf1 Qe7 25. Ne1 Qf6 26. Bg2 h6 27. h3 Be6 28. Kh2
g5 29. Bf3 Kg6 30. Bxh5+ Kxh5 31. Qe2+ Kg6 32. Qf3 g4 33. Qxf6+ Kxf6 34. h4 Bc8
35. Kg2 a6 1/2-1/2

[Event "38. MIEDZYNARODOWY MEMORIAL LUDWIKA ZAMENHOFA 2019 - OPEN A"]
[Site "Bialystok"]
[Date "1899-12-30"]
[Round "6.19"]
[White "Klimaszewski, Dariusz"]
[Black "Bialiauski, Artsiom"]
[Result "1/2-1/2"]
[WhiteTitle "CM"]
[BlackTitle "I"]
[WhiteElo "2084"]
[BlackElo "1944"]

1. e4 e5 2. Nf3 Nc6 3. c3 d5 4. Qa4 Bd7 5. exd5 Nd4 6. Qd1 Nxf3+ 7. Qxf3 Nf6 8.
Bc4 e4 9. Qe2 Bd6 10. d3 O-O 11. dxe4 Nxe4 12. Be3 Re8 13. Nd2 Nxd2 14. Kxd2 Bf4
15. Qf3 Bxe3+ 16. fxe3 Re5 17. Rhf1 Bf5 18. Rad1 Qd6 19. Kc1 Rae8 20. Bd3 Bg6
21. Rfe1 Bxd3 22. Rxd3 Qa6 23. Rd4 Qxa2 24. Kc2 Qa6 25. Qg3 Qd6 26. Red1 a5 27.
R1d3 b5 28. h4 b4 29. cxb4 axb4 30. Qf4 Qg6 31. Qg4 Qd6 32. Qf4 Qg6 33. Qg4 1/2-1/2

[Event "38. MIEDZYNARODOWY MEMORIAL LUDWIKA ZAMENHOFA 2019 - OPEN A"]
[Site "Bialystok"]
[Date "1899-12-30"]
[Round "7.1"]
[White "Heberla, Bartlomiej"]
[Black "Kosakowski, Jakub"]
[Result "1-0"]
[WhiteTitle "GM"]
[BlackTitle "FM"]
[WhiteElo "2565"]
[BlackElo "2403"]

1. c4 Nf6 2. Nc3 d5 3. cxd5 Nxd5 4. g3 e5 5. Bg2 Nb6 6. Nf3 Nc6 7. O-O Be7 8. b3
O-O 9. Bb2 Re8 10. Rc1 Bf8 11. d3 a5 12. a3 Nd4 13. Nd2 c6 14. e3 Ne6 15. Nc4
Nxc4 16. bxc4 a4 17. Rb1 Qa5 18. Ne4 Nc5 19. Bc3 Qc7 20. Nxc5 Bxc5 21. Bb4 Qd6
22. Bxc5 Qxc5 23. Rb4 Rd8 24. Qc2 Bf5 25. Rd1 Rd7 26. Rxa4 Rad8 27. Bf1 b5 28.
Rb4 bxc4 29. Qxc4 Qxc4 30. Rxc4 Bxd3 31. Rxc6 g6 32. Rxd3 Rxd3 33. Bxd3 Rxd3 34.
Ra6 Kg7 35. g4 h6 36. Kg2 Rd2 37. h4 e4 38. a4 g5 39. hxg5 hxg5 40. Rb6 Rd5 41.
Rb5 1-0

[Event "38. MIEDZYNARODOWY MEMORIAL LUDWIKA ZAMENHOFA 2019 - OPEN A"]
[Site "Bialystok"]
[Date "1899-12-30"]
[Round "7.2"]
[White "Teclaf, Pawel"]
[Black "Markowski, Tomasz"]
[Result "1/2-1/2"]
[WhiteTitle "IM"]
[BlackTitle "GM"]
[WhiteElo "2426"]
[BlackElo "2546"]

1. e4 e6 2. d4 d5 3. e5 c5 4. c3 Nc6 5. Nf3 Qb6 6. Na3 cxd4 7. cxd4 Bb4+ 8. Bd2
Nge7 9. Nc2 Bxd2+ 10. Qxd2 h6 11. Bd3 Bd7 12. b4 O-O 13. O-O a6 14. a3 f6 15.
Rfe1 Be8 16. exf6 Rxf6 17. Ne5 Nxe5 18. Rxe5 Bg6 19. Rae1 Raf8 20. R5e2 Bxd3 21.
Qxd3 Nf5 22. Rd1 Rc8 23. Ne3 Nxe3 24. Qxe3 Qb5 25. Rde1 Rc4 26. g3 Qc6 27. Rd1
Qc7 28. Kg2 b5 29. Rd3 Kf7 30. Rd1 g5 31. h3 Kg7 32. Rdd2 Rc1 33. Re1 Rc3 34.
Rd3 Rc4 35. Rd2 Rc6 36. Qe2 Rc3 1/2-1/2

[Event "38. MIEDZYNARODOWY MEMORIAL LUDWIKA ZAMENHOFA 2019 - OPEN A"]
[Site "Bialystok"]
[Date "1899-12-30"]
[Round "7.3"]
[White "Kanarek, Marcel"]
[Black "Chojnacki, Krzysztof"]
[Result "1-0"]
[WhiteTitle "GM"]
[BlackTitle "IM"]
[WhiteElo "2478"]
[BlackElo "2375"]

1. e4 d6 2. d4 Nf6 3. Nc3 g6 4. f4 Bg7 5. Nf3 c5 6. dxc5 Qa5 7. Qd3 Qxc5 8. Be3
Qa5 9. Qb5+ Qxb5 10. Bxb5+ Bd7 11. Bxd7+ Nbxd7 12. h3 O-O 13. O-O-O Nb6 14. e5
dxe5 15. fxe5 Nfd7 16. Bd4 Rfc8 17. e6 fxe6 18. Bxg7 Kxg7 19. Rde1 Nf8 20. Rhf1
Nbd7 21. Ng5 Nf6 22. Nxe6+ Nxe6 23. Rxe6 Kf7 24. Re5 Rc7 25. g4 h6 26. h4 Kg7
27. g5 hxg5 28. hxg5 Nh7 29. Nd5 Rd7 30. Nxe7 Nxg5 31. Nxg6 Kxg6 32. Rg1 Kf6 33.
Rgxg5 Rh8 34. Rgf5+ Kg6 35. b3 Rh2 36. Rd5 Rc7 37. Rc5 Rd7 38. Rf1 Rg2 39. Kb2
Re7 40. Rc8 Kg7 41. a4 Rd7 42. Rf3 Rg6 43. Ra8 a6 44. Raf8 Rc7 45. R8f5 Rg4 46.
c4 Kg6 47. Ka3 Rg1 48. Kb4 Rb1 49. Rf8 Kg7 50. R8f4 Rg1 51. Ka5 Rg6 52. Rf5 Rd7
53. c5 Rc7 54. b4 Rd7 55. R3f4 Rc7 56. Rd5 Re7 57. Rd6 Rg1 58. Kb6 Ra1 59. b5
axb5 60. axb5 Rb1 61. Rfd4 Kf7 62. Rd7 Ke8 63. Rxe7+ Kxe7 64. c6 bxc6 65. Kxc6
Rc1+ 66. Kb7 Rb1 67. b6 Ra1 68. Kc7 Rc1+ 69. Kb8 Rb1 70. b7 Ra1 71. Kc7 1-0

[Event "38. MIEDZYNARODOWY MEMORIAL LUDWIKA ZAMENHOFA 2019 - OPEN A"]
[Site "Bialystok"]
[Date "1899-12-30"]
[Round "7.4"]
[White "Baum, Jonasz"]
[Black "Szostko, Jakub"]
[Result "1-0"]
[WhiteTitle "FM"]
[BlackTitle "FM"]
[WhiteElo "2340"]
[BlackElo "2217"]

1. d4 Nf6 2. c4 e6 3. g3 d5 4. Nf3 dxc4 5. Bg2 Bd7 6. Ne5 Bc6 7. Nxc6 Nxc6 8. O-O
Qd7 9. e3 Rd8 10. Qe2 e5 11. Qxc4 exd4 12. Qb5 Rb8 13. Rd1 a6 14. Qf1 Bd6 15.
exd4 O-O 16. Nd2 Rfe8 17. Nc4 h6 18. b3 Ne7 19. Ne5 Qd8 20. Bb2 Ned5 21. Re1 c6
22. Rac1 Qc7 23. a3 Rbd8 24. Qc4 Qb8 25. Bh3 Re7 26. Re2 Rde8 27. Rce1 Qd8 28.
Bf5 Bc7 29. Bb1 Nd7 30. Qc2 Nf8 31. f4 f6 32. Nf3 Rxe2 33. Rxe2 Rxe2 34. Qxe2
Qe7 35. Qxe7 Nxe7 36. f5 Nd7 37. Kf2 Nb6 38. Nd2 Kf7 39. Kf3 Nbc8 40. h3 Nd6 41.
g4 Nd5 42. Bd3 Ke7 43. Nf1 Ba5 44. Ng3 Bc3 45. Bxc3 Nxc3 46. a4 Nd5 47. Nh5 Kf8
48. a5 Ne8 49. Bc4 Nb4 50. Nf4 Nc7 51. Ke4 Ke7 52. d5 cxd5+ 53. Nxd5+ Nbxd5 54.
Bxd5 Nb5 55. Kd3 Nd6 56. Kd4 Kd7 57. Bg2 Kc7 58. Kd5 Kd7 59. Bf1 Nf7 60. b4 Nd8
61. b5 axb5 62. Bxb5+ Kc7 63. Be8 b6 64. axb6+ Kxb6 65. Kd6 Nb7+ 66. Ke7 Nc5 67.
Kf7 Ne4 68. Kxg7 Nf2 69. Kxf6 Nxh3 70. Kg7 Kc7 71. f6 Nf4 72. f7 Ne6+ 73. Kg8
Kd6 74. f8=Q+ Nxf8 75. Kxf8 Ke5 76. Kg7 Kf4 77. Bh5 Kg5 78. Kh7 1-0